ბათუმის შოთა რუსთაველის სახელმწიფო უნივერსიტეტის ბიბლიოთეკა

უძველეს რწმენა-წარმოდგენათა კვალი ხალხურ ზღაპრულ ეპოსში / (ბიბ.ჩანაწერი № 59763)

000 -ლიდერი
ფიქსირებული სიგრძის საკონტროლო ველი 01038nam a22002177a 4500
003 - საკონტროლო ნომრის იდენტიფიკატორი
საკონტროლო ველი Ge_BSU
005 - ბოლო ოპერაციის თარიღი და დრო
საკონტროლო ველი 20230411141711.0
008 - ფიქსირებული სიგრძის მონაცემთა ელემენტები - ზოგადი ინფორმაცია
ფიქსირებული სიგრძის საკონტროლო ველი 230411s2004 ge ||||| |||| 00| 0 geo d
020 ## - წიგნის საერთაშორისო სტანდარტული ნომერი
International Standard Book Number 9992858923
041 ## - ენის კოდი
Language code of text/sound track or separate title geo
080 ## - უნივერსალური ათობითი კლასიფიკაციის ინდექსი
Universal Decimal Classification number 82.09-34 ჩ-78
100 ## - მთავარი ჩანაწერი - პიროვნების სახელი
Personal name ჩოლოყაშვილი, რუსუდან
9 (RLIN) 17616
245 ## - ცნობა სათაურის შესახებ
Title უძველეს რწმენა-წარმოდგენათა კვალი ხალხურ ზღაპრულ ეპოსში /
Statement of responsibility, etc რუსუდან ჩოლოყაშვილი; [რედ.: ამირან არაბული].
264 ## - წარმოების, გამოცემის, დისტრიბუციის და სხვა ცნობები
გამოცემის, წარმოების, დისტრიბუციის... ადგილი თბილისი :
გამოცემის, წარმოების, დისტრიბუციის... სახელწოდება ნეკერი,
გამოცემის, წარმოების, დისტრიბუციის... თარიღი 2004.
300 ## - ფიზიკური აღწერა
Extent 198გვ. ;
Other physical details 20სმ.
504 ## - BIBLIOGRAPHY, ETC. NOTE
Bibliography, etc ბიბლიოგრ.: გვ. 191-197.
520 ## - SUMMARY, ETC.
Summary, etc რეზიუმე ინგლ. ენ.
653 ## - INDEX TERM--UNCONTROLLED
Uncontrolled term ზღაპრის ისტორია და კრიტიკა
700 ## - ADDED ENTRY--PERSONAL NAME
Personal name არაბული, ამირან
Relator term რედაქტორი
9 (RLIN) 5770
942 ## - ADDED ENTRY ELEMENTS (KOHA)
Source of classification or shelving scheme
Koha item type წიგნი
ეგზემპლარები
ჩამოწერის სტატუსი დაკარგული ეგზემპლარის სტატუსი კლასიფიკაციის წყარო ან თაროზე გაწყობის სქემა დაზიანების სტატუსი არ გაიცემა მუდმივი მდებარეობა (დაცვის ადგილი) ამჟამინდელი ადგილსამყოფელი თაროზე განთავსების ადგილი შეძენის თარიღი ღირებულება, შესყიდვის ნორმალური ფასი სრული შენახვის შიფრი შტრიხკოდი ბოლო ოპერაციის თარიღი ეგზემპლარის მიმდევრობითი ნომერი (კეტერი?) Uniform Resource Identifier ფასის ძალაში შესვლის თარიღი ეგზემპლარის სახეობა საჯარო შენიშვნა
          ბათუმის შოთა რუსთაველის სახელმწიფო უნივერსიტეტის მთავარი ბიბლიოთეკა ბათუმის შოთა რუსთაველის სახელმწიფო უნივერსიტეტის მთავარი ბიბლიოთეკა წიგნსაცავი 2023-04-11 7.00 82.09-34 ჩ-78 64255 2023-04-11 64255 ბსუ-ს საპატიო დოქტორის გურამ ლორთქიფანიძის საჩუქარი 2023-04-11 წიგნი 7 ლ.